Textbook of pharmacognosy and phytochemistry (Record no. 6206)

MARC details
000 -LEADER
fixed length control field 00441nam a22001577a 4500
005 - DATE AND TIME OF LATEST TRANSACTION
control field 20200517115645.0
008 - FIXED-LENGTH DATA ELEMENTS--GENERAL INFORMATION
fixed length control field 200517b xxu||||| |||| 00| 0 eng d
020 ## - INTERNATIONAL STANDARD BOOK NUMBER
ISBN 9788123923956
041 ## - LANGUAGE CODE
Language code of text/sound track or separate title eng
082 ## - DEWEY DECIMAL CLASSIFICATION NUMBER
Classification number 615 MAL
100 ## - MAIN ENTRY--AUTHOR NAME
Personal name MALVIYA SAPNA
245 ## - TITLE STATEMENT
Title Textbook of pharmacognosy and phytochemistry
Statement of responsibility, etc Spana Malviya
260 ## - PUBLICATION, DISTRIBUTION, ETC. (IMPRINT)
Place of publication New Delhi
Name of publisher C.B S Publishers and Distributors
Year of publication 2020, v
650 ## - SUBJECT ADDED ENTRY--TOPICAL TERM
Topical Term Pharmacu
942 ## - ADDED ENTRY ELEMENTS (KOHA)
Koha item type Books

No items available.